000 01279nam0a22002771 4500
001 rc\2353200
005 20110829152907.8
035 _a(NLR Aleph) 006682806
090 _a5092987
_c5092987
100 _a20110829d1977 |||y0rusy50 ca
101 0 _arus
102 _aRU
105 _aa z |||||
200 1 _aРентгенодиагностическое отделение
_f[С.М. Козаков]
_gВсесоюз. науч.-исслед. ин-т мед. и мед.-техн. информации, Гос. проектный и науч.-исслед. ин-т "Гипронииздрава"
210 _aМосква
_cСпециализир. информ. центр Гипронииздрава
_d1977
215 _a6, [17] с.
_cил.
_d29
606 _aРентгеновские отделения и кабинеты
_xПланировка и строительство
_2rkp
700 1 _aКозаков
_bС. М.
_gСемен Михайлович
712 0 2 _aВНИИ медицинской и медико-технической информации
_3RU\NLR\AUTH\8810025967
801 0 _aRU
_bNLR
_gpsbo
801 1 _aRU
_bELAR
_2rusmarc
852 _aNLR
_j77-8/642
899 _aRuMoRGB
_jБ 77-57/42
899 _aRuMoRGB
_jБ 77-57/43
942 _cBOOK
980 _aNB